|
|
|
|
| LEADER |
00000nab a2200000 a 4500 |
| 001 |
vtls000467032 |
| 003 |
SK-MaSNL |
| 005 |
20260426072557.0 |
| 008 |
230131c1992 xo 0 slo |
| 015 |
|
|
|a SNBRB19rr/mm-uuuuu
|
| 035 |
|
|
|a CL0467165
|
| 035 |
|
|
|a urn:nbn:sk:snk-ab2o5r
|
| 035 |
|
|
|a (urnnbn)urn:nbn:sk:snk:ar-a02owp
|
| 035 |
|
|
|a (uuid)06fbb76a-4853-4473-aef9-0ec9013fa284
|
| 040 |
|
|
|a SNKBUCL
|b slo
|c SNKBUCL
|e AACR2
|
| 041 |
0 |
|
|a slo
|
| 044 |
|
|
|a xo
|c SK
|
| 080 |
|
|
|a 903"637"(437.6)
|2 1981
|
| 100 |
1 |
|
|a Bartík, J.
|4 aut
|9 378211
|
| 245 |
1 |
0 |
|a Furmánek, V. - Veliačik, L. - Vladár, J.: Slovensko v dobe bronzovej
|c J. Bartík
|
| 650 |
0 |
7 |
|a doba bronzová
|2 snkbucl
|9 79087
|
| 650 |
0 |
7 |
|a literatúra faktu
|2 snkbucl
|9 18459
|
| 651 |
|
7 |
|a Slovensko
|2 snkbucl
|9 14231
|
| 655 |
|
7 |
|a recenzie
|2 snkbucl
|9 21907
|
| 655 |
|
7 |
|a články z novín a časopisov
|2 snkbucl
|9 267496
|
| 773 |
0 |
|
|t Múzeum
|g Roč. 37, č. 2 (1992), s. 47-48
|
| 787 |
0 |
8 |
|i Rec.:
|a Furmánek, Václav
|t Slovensko v dobe bronzovej
|d Bratislava : Veda, 1991
|
| 787 |
0 |
8 |
|i Rec.:
|a Veliačik, Ladislav
|t Slovensko v dobe bronzovej
|d Bratislava : Veda, 1991
|
| 787 |
0 |
8 |
|i Rec.:
|a Vladár, Jozef
|t Slovensko v dobe bronzovej
|d Bratislava : Veda, 1991
|
| 850 |
|
|
|a Slovenská národná knižnica
|
| 852 |
|
|
|a Slovenská národná knižnica
|
| 954 |
|
|
|a odborná, vedecká literatúra pôvodná (slovenská)
|2 lita
|
| 958 |
|
|
|a OND
|
| 958 |
|
|
|a EUIPO
|
| 958 |
|
|
|a article27
|
| 992 |
|
|
|a RBX
|
| 999 |
|
|
|c 2690105
|d 2692035
|